LEADER 02375nam 22005175 450 001 9910349361903321 005 20230807135503.0 010 $a3-319-93363-9 024 7 $a10.1007/978-3-319-93363-4 035 $a(CKB)4100000008707627 035 $a(DE-He213)978-3-319-93363-4 035 $a(MiAaPQ)EBC5926368 035 $a(EXLCZ)994100000008707627 100 $a20190712d2019 u| 0 101 0 $aeng 135 $aurnn|008mamaa 181 $ctxt$2rdacontent 182 $cc$2rdamedia 183 $acr$2rdacarrier 200 10$aMethods in Experimental Economics $eAn Introduction /$fby Joachim Weimann, Jeannette Brosig-Koch 205 $a1st ed. 2019. 210 1$aCham :$cSpringer International Publishing :$cImprint: Springer,$d2019. 215 $a1 online resource (XIII, 307 p. 60 illus., 34 illus. in color.) 225 1 $aSpringer Texts in Business and Economics,$x2192-4341 311 $a3-319-93362-0 327 $aThe Study of Behavior -- Methodological Foundations -- Experimental Practice -- The Experiment from a Statistical Perspective. 330 $aThis textbook provides a hands-on and intuitive overview of the methodological foundations of experimental economics. Experimental economic research has been an integral part of economic science for quite some time and is gaining more and more attention in related disciplines. The book addresses the design and execution of experiments, the evaluation of experimental data and the equipment of an experimental laboratory. It illustrates the challenges involved in designing and conducting experiments and helps the reader to address them in practice. . 410 0$aSpringer Texts in Business and Economics,$x2192-4341 606 $aExperimental economics 606 $aGame theory 606 $aExperimental Economics 606 $aGame Theory 615 0$aExperimental economics. 615 0$aGame theory. 615 14$aExperimental Economics. 615 24$aGame Theory. 676 $a330.019 700 $aWeimann$b Joachim$4aut$4http://id.loc.gov/vocabulary/relators/aut$0873955 702 $aBrosig-Koch$b Jeannette$4aut$4http://id.loc.gov/vocabulary/relators/aut 801 0$bMiAaPQ 801 1$bMiAaPQ 801 2$bMiAaPQ 906 $aBOOK 912 $a9910349361903321 996 $aMethods in Experimental Economics$91951195 997 $aUNINA